| 000 | 00582nam a2200181Ia 4500 | ||
|---|---|---|---|
| 003 | GCL | ||
| 008 | 140319s9999 xx 000 0 ara d | ||
| 040 |
_aGCL / _cGCL |
||
| 082 | 0 | 4 |
_a550 _bف ف |
| 100 | 1 | _aمحمد جمال الدين الفندى | |
| 245 | 1 | 0 |
_aالقران والعلم (هدية من مكتبة محمد جمال الدين الفندى) / _cمحمد جمال الدين الفندى |
| 300 | _a376 ص | ||
| 490 | _a | ||
| 650 | 0 | 4 | _aالقران والطب |
| 650 | 0 | 4 | _aالقران والعلم |
| 650 | 0 | 4 | _aالقران - اعجاز |
| 942 |
_2ddc _cBK |
||
| 999 |
_c46602 _d46602 |
||